Product management : product lifecycles and competitive marketing strategy

Bibliographic Details
Main Author: Sharma, Mayank
Format: Book
Language:English
Published: New Delhi : Global India Pub. , 2009
Subjects:

MARC

LEADER 00000cam a2200000 7i4500
001 0000023743
005 20111101.0
008 111101s ii a eng
020 |a 9789380228044 ,   |c RM326.00 
040 |a INS 
090 0 0 |a HF5415.15   |b S43 2009 
100 1 |a Sharma, Mayank 
245 1 0 |a Product management :   |b product lifecycles and competitive marketing strategy   |c Mayank Sharma 
260 |a New Delhi :   |b Global India Pub. ,   |c 2009 
300 |a 310p. :   |b ill. ;   |c 21cm. 
500 |a Includes index 
650 0 |a Product life cycle 
650 0 |a product management 
999 |a 1000000299   |b BOOK   |c Open Shelf   |e Default branch